Szczegóły MARC21

Knowledge economies : organization, location and innovation /

003 -Nazwa inst., której nr kontr. jest w polu 001 [,]
    • @
    • Nazwa instytucji, której n kontrolny jest w polu 001
    • NUKAT
005 -DATA I CZAS OSTATNIEJ MODYFIKACJI [,]
    • @
    • pole kontrolne
    • 20241231095434.0
020 -Międzynarod. znormalizowany nr książki - ISBN [ , ]
    • a
    • Numer ISBN
    • 9780415416658 Find
    • q
    • Dopowiedzenie
    • hbk
020 -Międzynarod. znormalizowany nr książki - ISBN [ , ]
    • a
    • Numer ISBN
    • 9780203939352 Find
    • q
    • Dopowiedzenie
    • ebk
020 -Międzynarod. znormalizowany nr książki - ISBN [ , ]
    • a
    • Numer ISBN
    • 9780415569538 Find
    • q
    • Dopowiedzenie
    • pbk
020 -Międzynarod. znormalizowany nr książki - ISBN [ , ]
    • a
    • Numer ISBN
    • 0415416655 Find
    • q
    • Dopowiedzenie
    • hbk
020 -Międzynarod. znormalizowany nr książki - ISBN [ , ]
    • a
    • Numer ISBN
    • 0415569532 Find
    • q
    • Dopowiedzenie
    • pbk
020 -Międzynarod. znormalizowany nr książki - ISBN [ , ]
    • a
    • Numer ISBN
    • 0203939352 Find
    • q
    • Dopowiedzenie
    • ebk
040 -Instytucja sporządzająca opis [ , ]
    • a
    • Instytucja, która sporządziła opis (NP)
    • SZCZ U/JS
    • c
    • Instytucja, która sporządziła rekord (NP)
    • SZCZ U/JS
044 -Kraj miejsca wydania [ , ]
    • a
    • Kraj miejsca wydania
    • Wielka Brytania po 1988
    • a
    • Kraj miejsca wydania
    • Stany Zjednoczone po 1988
942 -Rodzaj dokumentu [ , ]
    • c
    • Rodzaj dokumentu
    • Książka
100 -Hasło główne - nazwa osobowa [1, ]
    • a
    • Nazwa osobowa (NP)
    • Dolfsma, Wilfred.
    • 9
    • KHW
    • 69008
245 -Strefa tytułu i oznaczenia odpowiedzialności [1,0]
    • a
    • Tytuł
    • Knowledge economies : Find
    • b
    • Ciąg dalszy tytułu (NP)
    • organization, location and innovation / Find
    • c
    • Pozostałe elementy strefy tytułu i oznaczenia odpowiedzialności (NP)
    • Wilfred Dolfsma.
250 -Strefa wydania [ , ]
    • a
    • Oznaczenie wydania (NP)
    • Digital print.
260 -Strefa adresu wydawniczego [ , ]
    • a
    • Miejsce wydania (P)
    • London :
    • b
    • Nazwa wydawcy (P)
    • Taylor & Francis Group ;
    • a
    • Miejsce wydania (P)
    • New York :
    • b
    • Nazwa wydawcy (P)
    • Routledge,
    • c
    • Data wydania (P)
    • 2009.
300 -Strefa opisu fizycznego [ , ]
    • a
    • Określenie formy książki i/lub objętość (NP)
    • XIII, [1], 159 s. :
    • b
    • Oznaczenie ilustracji (NP)
    • il. ;
    • c
    • Format (NP)
    • 23 cm.
336 -Typ zawartości [ , ]
    • a
    • Termin opisujący typ zawartości
    • Tekst
    • b
    • Kod określający zawartość
    • txt
    • 2
    • Źródło (terminu i kodu)
    • rdacontent
337 -Typ mediów [ , ]
    • a
    • Tryb odtwarzania
    • Bez urządzenia pośredniczącego
    • b
    • Kod typu mediów
    • n
    • 2
    • Źródło (terminu i kodu)
    • rdamedia
338 -Typ/rodzaj nośnika [ , ]
    • a
    • Hasło opisujące typ nośnika
    • Wolumin
    • b
    • Kod typu nośnika
    • nc
    • 2
    • Źródło (terminu i kodu)
    • rdacarrier
490 -Strefa serii i książki wielotomowej - forma nie do wyszukiwania [1, ]
    • a
    • Tytuł (P)
    • Routledge Studies in Global Competition ; Find
    • v
    • Numeracja (P)
    • vol. 39
830 -Hasło dodatkowe serii i opisu książki wielotomowej - tytuł ujednolicony/tytuł [ ,0]
    • a
    • Tytuł ujednolicony/tytuł (NP)
    • Studies in Global Competition
    • x
    • ISSN
    • 1023-6147
    • v
    • Oznaczenie tomu (NP)
    • vol. 39
    • 9
    • KHW
    • 69795
504 -Uwaga dot. bibliogr. załącznikowej [ , ]
    • a
    • Uwaga dot. bibliografii załącznikowej
    • Bibliogr. s. 129-151. Indeks.
080 -Uniwersalna Klasyfikacja Dziesiętna [ , ]
    • 2
    • Identyfikator wydania tablic
    • UDC-P058
    • 9
    • UKD
    • 2176
    • a
    • Symbol klasyfikacji
    • 005.336.4
    • b
    • Dopowiedzenie
    • Zarządzanie. Kapitał intelektualny. Know-how.
    • 4
    • UKD2
    • 7644
    • x
    • Poddział wspólny
    • =111
    • c
    • Dopowiedzenie poddz. wspólnego
    • =Język angielski.
080 -Uniwersalna Klasyfikacja Dziesiętna [ , ]
    • 2
    • Identyfikator wydania tablic
    • UDC-P058
    • 9
    • UKD
    • 2210
    • a
    • Symbol klasyfikacji
    • 005.7
    • b
    • Dopowiedzenie
    • Zarządzanie. Zarządzanie organizacyjne.
    • 4
    • UKD2
    • 7644
    • x
    • Poddział wspólny
    • =111
    • c
    • Dopowiedzenie poddz. wspólnego
    • =Język angielski.
080 -Uniwersalna Klasyfikacja Dziesiętna [ , ]
    • 2
    • Identyfikator wydania tablic
    • UDC-P058
    • 9
    • UKD
    • 2225
    • a
    • Symbol klasyfikacji
    • 005.94
    • b
    • Dopowiedzenie
    • Zarządzanie. Zarządzanie wiedzą.
    • 4
    • UKD2
    • 7644
    • x
    • Poddział wspólny
    • =111
    • c
    • Dopowiedzenie poddz. wspólnego
    • =Język angielski.
650 -Hasło przedmiotowe [ ,7]
    • a
    • Hasło przedmiotowe
    • Kapitał intelektualny.
    • 2
    • Źródło terminu
    • kaba
    • 9
    • KHW
    • 152183
650 -Hasło przedmiotowe [ ,7]
    • a
    • Hasło przedmiotowe
    • Organizacja ucząca się.
    • 2
    • Źródło terminu
    • kaba
    • 9
    • KHW
    • 122588
650 -Hasło przedmiotowe [ ,7]
    • a
    • Hasło przedmiotowe
    • Zarządzanie wiedzą.
    • 2
    • Źródło terminu
    • kaba
    • 9
    • KHW
    • 137521
650 -Hasło przedmiotowe [ ,7]
    • a
    • Hasło przedmiotowe
    • Komunikacja w organizacjach.
    • 2
    • Źródło terminu
    • kaba
    • 9
    • KHW
    • 114898
650 -Hasło przedmiotowe [ ,7]
    • a
    • Hasło przedmiotowe
    • Uczenie się poznawcze.
    • 2
    • Źródło terminu
    • kaba
    • 9
    • KHW
    • 134319
980 -Symbol UKD [ , ]
    • a
    • UKD
    • 005.336.4:005.7:005.94]=111
710 -Hasło dodatkowe - nazwa ciała zbiorowego [2, ]
    • a
    • Nazwa ciała zbiorowego lub nazwa geograficzna jako pierwszy element (NP)
    • Routledge.
    • 4
    • Kod relacji
    • pbl
    • 9
    • KHW
    • 54948
710 -Hasło dodatkowe - nazwa ciała zbiorowego [2, ]
    • a
    • Nazwa ciała zbiorowego lub nazwa geograficzna jako pierwszy element (NP)
    • Taylor & Francis (Londyn).
    • 4
    • Kod relacji
    • pbl
    • 9
    • KHW
    • 93628
920 -ISBN [ , ]
    • a
    • ISBN
    • 978-0-415-41665-8 Find
    • q
    • Dopowiedzenie
    • hbk
920 -ISBN [ , ]
    • a
    • ISBN
    • 978-0-203-93935-2 Find
    • q
    • Dopowiedzenie
    • ebk
920 -ISBN [ , ]
    • a
    • ISBN
    • 978-0-415-56953-8 Find
    • q
    • Dopowiedzenie
    • pbk
920 -ISBN [ , ]
    • a
    • ISBN
    • 0-415-41665-5 Find
    • q
    • Dopowiedzenie
    • hbk
920 -ISBN [ , ]
    • a
    • ISBN
    • 0-415-56953-2 Find
    • q
    • Dopowiedzenie
    • pbk
920 -ISBN [ , ]
    • a
    • ISBN
    • 0-203-93935-2 Find
    • q
    • Dopowiedzenie
    • ebk
Sygnatura Numer inwentarzowy Status udost. Data inwentaryzacji Lokalizacja
T.16632T.16632-22014-04-30T